Central Library OPAC University of Rajshahi

The heavenly city of the eighteenth century philosophers / (Record no. 931)

MARC details
000 -LEADER
fixed length control field 01098cam a2200289 a 4500
001 - CONTROL NUMBER
control field 931
003 - CONTROL NUMBER IDENTIFIER
rucl marc code BD-RjUL
005 - DATE AND TIME OF LATEST TRANSACTION
control field 20211208233241.0
008 - FIXED-LENGTH DATA ELEMENTS--GENERAL INFORMATION
fixed length control field 131124s1932 ctu 000 0 eng
035 ## - SYSTEM CONTROL NUMBER
System control number (BD-RjUL)953
040 ## - CATALOGING SOURCE
Original cataloging agency DLC
Transcribing agency DLC
Modifying agency DLC
-- BD-RjUL
Language of cataloging eng
041 ## - LANGUAGE CODE
Language code of text/sound track or separate title eng
082 00 - DEWEY DECIMAL CLASSIFICATION NUMBER
Classification number 142.3
Edition number 19
Author mark and year BEH 1967
100 1# - MAIN ENTRY--PERSONAL NAME
Personal name Becker, Carl L.
Fuller form of name (Carl Lotus),
Dates associated with a name 1873-1945.
9 (RLIN) 2764
245 14 - TITLE STATEMENT
Title The heavenly city of the eighteenth century philosophers /
Statement of responsibility, etc. Carl L. Becker.
260 ## - PUBLICATION, DISTRIBUTION, ETC. (IMPRINT)
Place of publication, distribution, etc. New Haven :
Name of publisher, distributor, etc. Yale university press,
Date of publication, distribution, etc. c1932 [Printed 1967].
300 ## - PHYSICAL DESCRIPTION
Pagination 168 p. ;
Size 20 cm.
500 ## - GENERAL NOTE
General note "Lectures delivered in the School of law in Yale university on the Storrs foundation ... April, 1931."--Pref.
General note "Published on the Mary Cady Tew memorial fund."--1st prelim. leaf.
650 #0 - SUBJECT ADDED ENTRY--TOPICAL TERM
Topical term or geographic name as entry element Philosophy, Modern
Chronological subdivision 18th century.
9 (RLIN) 2765
Topical term or geographic name as entry element Philosophy and religion
General subdivision History
Chronological subdivision 18th century.
9 (RLIN) 2766
Topical term or geographic name as entry element History
General subdivision Philosophy
-- History
Chronological subdivision 18th century.
9 (RLIN) 2767
710 2# - ADDED ENTRY--CORPORATE NAME
Corporate name or jurisdiction name as entry element Yale University.
Subordinate unit Mary Cady Tew fund.
9 (RLIN) 2768
942 ## - ADDED ENTRY ELEMENTS (KOHA)
Source of classification or shelving scheme Dewey Decimal Classification
Koha item type Books
Holdings
Lost status Source of classification or shelving scheme Damaged status Not for loan Collection code Permanent Location Current Location Shelving location Date acquired Source of acquisition Cost, normal purchase price Total Checkouts Full call number Date last seen Copy number Koha item type
  Dewey Decimal Classification     Non-fiction Central Library, University of Rajshahi Central Library, University of Rajshahi   20/09/1968 Zeitliger 13.00   142.3 BEH 1967 24/11/2013 C-2 Books
  Dewey Decimal Classification     Non-fiction Central Library, University of Rajshahi Central Library, University of Rajshahi   24/09/1968 Zeitliger 13.00   142.3 BEH 1967 24/11/2013 C-3 Books
  Dewey Decimal Classification   Not For Loan Non-fiction Central Library, University of Rajshahi Central Library, University of Rajshahi Reading Room 10/08/1955 D.U.P 12.00   142.3 BEH 1967 24/11/2013 C-1 Books